Statistics for Historic Supercontinents

Click here to take the quiz!

General Stats

  • This quiz has been taken 68 times
  • The average score is 4 of 10

Answer Stats

Believed Time of FormationSupercontinent% Correct
~ 270 MaPangaea
98%
~ 570 MaGondwana
63%
~ 500 MaLaurasia
44%
~ 1.1 GaRodinia
40%
~ 3 Ga (hypothesized)Ur
40%
~ 1.8 GaColumbia
37%
~ 650 MaPannotia
27%
~ 2.7 GaKenorland
23%
~ 3.6 Ga (hypothesized)Vaalbara
21%
~ 750 MaProto-Laurasia
4%

Score Distribution

Percentile by Number Answered

Percent of People with Each Score

Your Score History

You have not taken this quiz